La vuelta al mundo: Colección de los viajes hechos en las cinco partes del Universo durante el siglo XIX
-д хадгалсан:
| Үндсэн зохиолч: | |
|---|---|
| Формат: | Ном |
| Хэл сонгох: | испани |
| Хэвлэсэн: |
París
Administración del Correo de Ultramar
1863
|
| Хэвлэл: | 2a. ed |
| Нөхцлүүд: | |
| Шошгууд: |
Шошго нэмэх
Шошго байхгүй, Энэхүү баримтыг шошголох эхний хүн болох!
|
MARC
| LEADER | 00000nam a2200000 a 4500 | ||
|---|---|---|---|
| 001 | UCJ5581 | ||
| 003 | CL-VaPUC | ||
| 008 | 070124e18630000FR |||||||||||||||||spa|d | ||
| 082 | 0 | 4 | |a 910.4 |b CHA |2 21 |
| 100 | |a Charton, Edouard |e author |9 514960 | ||
| 245 | 1 | 3 | |a La vuelta al mundo: Colección de los viajes hechos en las cinco partes del Universo durante el siglo XIX |
| 250 | |a 2a. ed | ||
| 300 | |a vii, 414 p | ||
| 942 | |c BK | ||
| 945 | |d 20070124 00:00:00 |a rinostro | ||
| 260 | |a París |b Administración del Correo de Ultramar |c 1863 | ||
| 500 | |a Publicada bajo la dirección de M. Eduardo Charton. Traducida al castellano por Don Mariano Urrabieta. Edición de todo lujo adornada con 266 láminas, y 15 mapas grabados sobre acero | ||
| 500 | |a Ilustraciones y mapas según índice; Ex libris de Rejina Pulvermuller. Por su tamaño se encuentra separada al comienzo de la colección Viajeros | ||
| 650 | 0 | |a Viajes |9 257115 | |
| 650 | 0 | |a Antropología cultural y social |9 265143 | |
| 650 | 0 | |a Flora y fauna |9 338564 | |
| 650 | 0 | |a Aborígenes |9 329972 | |
| 650 | 0 | |a Iglesia Católica |9 256114 | |
| 650 | 7 | |a MISIONES PARAGUAYAS |2 CL-VaPUC |9 510913 | |
| 650 | 0 | |a Mapas |9 260844 | |
| 650 | 0 | |a Ilustraciones |9 369481 | |
| 650 | 0 | |a Grabados |9 310822 | |
| 650 | 0 | |a Iconografía |9 267998 | |
| 650 | 7 | |a EX LIBRIS |2 CL-VaPUC |9 505186 | |
| 651 | 0 | |a Argentina |9 254888 | |
| 651 | 0 | |a Brasil |9 267393 | |
| 651 | 7 | |a AMAZONIA |2 CL-VaPUC |9 317804 | |
| 651 | 0 | |a México |9 255269 | |
| 651 | 0 | |a Paraguay |9 255336 | |
| 651 | 7 | |a CHACO |2 CL-VaPUC |9 396115 | |
| 651 | 7 | |a CALIFORNIA |2 CL-VaPUC |9 264797 | |
| 651 | 7 | |a MADAGASCAR |2 CL-VaPUC |9 357929 | |
| 651 | 7 | |a MAURICIO |2 CL-VaPUC |9 510914 | |
| 651 | 7 | |a TAHITI |2 CL-VaPUC |9 266824 | |
| 651 | 0 | |a Mesopotamia |9 314286 | |
| 651 | 7 | |a BAGDAD |2 CL-VaPUC |9 510915 | |
| 583 | |a last modification |c 20180611 01:12:29 |k Rodrigo Vera | ||
| 999 | |c 321690 |d 321688 | ||
| 952 | |0 0 |1 0 |4 0 |6 910_400000000000000_CHA_1863 |7 0 |8 X |9 400504 |a FDOBUD |b FDOBUD |d 2019-11-22 |i 1036645 |o 910.4 CHA 1863 |p 1036645 |r 2019-11-22 |w 2019-11-22 |y BK_X |k BUD | ||